| 000 | 00557nam a2200181Ia 4500 | ||
|---|---|---|---|
| 003 | GCL | ||
| 008 | 140319s9999 xx 000 0 ara d | ||
| 040 |
_aGCL / _cGCL |
||
| 082 | 0 | 4 |
_a839.7 _bك ب |
| 100 | 1 | _aمحمد عبدالله الشفقى | |
| 245 | 1 | 0 |
_aباراباس / _cمحمد عبدالله الشفقى |
| 700 | 1 | _aكفيست , بار لاجير | |
| 300 | _a118 ص | ||
| 490 |
_aالهيئة العامة للاستعلامات _v0 |
||
| 650 | 0 | 4 | _aالادب السويدى |
| 650 | 0 | 4 | _aكفيست , بار لاجير |
| 942 |
_2ddc _cBK |
||
| 999 |
_c47436 _d47436 |
||